000 00977nam a2200301 i 4500
001 179318
003 ES-MaACL
005 20250812074049.0
008 111027s2007 sp ao |||| | spa d
020 _a978-84-96170-71-1
080 _a355.44"04/14"
080 _a623.4(495)"03/14"
080 _a623.4(5/6=411.21)"06/15"
080 _a623.4(4)"04/14"
100 1 _aSáez Abad, Rubén.
_9148432
245 1 0 _aArtillería y poliorcética en la Edad Media /
_cRubén Sáez Abad.
250 _a1ª ed.
260 _aMadrid :
_bAlmena,
_c2007.
300 _a239 p. :
_bil. ;
_c24 cm.
504 _aBibliografía: p. 227-239.
650 7 _aGuerra de sitio-
_vHistoria.
_9148433
650 7 _aArmamento-
_zEuropa-
_vHistoria.
_9148434
650 7 _aArte y ciencia militar
_2embne
_9135619
852 _aES-MaACL
_9186205
_bR.146760
_jA-11681
_dOlim: N-4686
_cDEPO1
942 _2udc
_cMONOGRAFIA
999 _c179318
_d179318